Introduction to dynamic systems analysis (Record no. 28870)

000 -LEADER
fixed length control field 00676nam a2200229 a 4500
001 - CONTROL NUMBER
control field 28870
003 - CONTROL NUMBER IDENTIFIER
control field BD-DhUET
008 - FIXED-LENGTH DATA ELEMENTS--GENERAL INFORMATION
fixed length control field 930813s1994 nyua b 001 0 eng
020 ## - INTERNATIONAL STANDARD BOOK NUMBER
International Standard Book Number 0070092907
040 ## - CATALOGING SOURCE
Original cataloging agency DLC
Transcribing agency DLC
Modifying agency BD-DhUET
082 00 - DEWEY DECIMAL CLASSIFICATION NUMBER
Classification number 620.1
Item number BUR/1994
100 1# - MAIN ENTRY--PERSONAL NAME
Personal name Burton, T. D.
245 10 - TITLE STATEMENT
Title Introduction to dynamic systems analysis
250 ## - EDITION STATEMENT
Edition statement 1st ed.
260 ## - PUBLICATION, DISTRIBUTION, ETC. (IMPRINT)
Place of publication, distribution, etc. New York
Name of publisher, distributor, etc. McGraw-Hill
Date of publication, distribution, etc. 1994
300 ## - PHYSICAL DESCRIPTION
Extent xix, 700 p.
Other physical details ill.
Dimensions 25 cm.
490 1# - SERIES STATEMENT
Series statement McGraw-Hill series in mechanical engineering
490 1# - SERIES STATEMENT
Series statement McGraw-Hill series in aeronautical and aerospace engineering
504 ## - BIBLIOGRAPHY, ETC. NOTE
Bibliography, etc Includes bibliographies
650 #0 - SUBJECT ADDED ENTRY--TOPICAL TERM
Topical term or geographic name as entry element Systems engineering
942 ## - ADDED ENTRY ELEMENTS (KOHA)
Koha item type General Book
Holdings
Koha date last seen Date acquired Koha item type Withdrawn status Koha full call number Piece designation (barcode) Copy number Damaged status Not for loan Lost status Shelving location Location (home branch) Koha normalized classification for sorting Source of classification or shelving scheme Sublocation or collection (holding branch) Price effective from
2015-06-142015-06-14Reading Item 620.1/BUR/1994960711   Reading sectionCentral Library, BUET620_100000000000000_BUR_1994 Central Library, BUET2015-06-14